|
|
|
|
| LEADER |
01005nam a2200277 4500 |
| 001 |
DLU210196227 |
| 005 |
##20210427 |
| 040 |
# |
# |
|a DLU
|b vie
|
| 041 |
# |
# |
|a vie
|
| 044 |
# |
# |
|a vn
|
| 100 |
# |
# |
|a Nguyễn Tuấn Việt.
|
| 245 |
# |
# |
|a Hiệp định thương mại tự do Việt Nam - EU: Tác động đến doanh nghiệp nhỏ và vừa Việt Nam /
|c Nguyễn Tuấn Việt, Ngô Văn Vũ.
|
| 653 |
# |
# |
|a Doanh nghiệp nhỏ và vừa
|
| 653 |
# |
# |
|a Hiệp định thương mại tự do
|
| 653 |
# |
# |
|a Liên minh Châu Âu
|
| 653 |
# |
# |
|a Việt Nam
|
| 700 |
# |
# |
|a Ngô Văn Vũ.
|
| 773 |
# |
# |
|t Tạp chí Khoa học xã hội Việt Nam
|g Số 9, 2019, tr. 3-11
|
| 920 |
# |
# |
|a Phòng Tạp chí -- Trung tâm Thông tin - Thư viện Trường Đại học Đà Lạt
|
| 900 |
# |
# |
|a True
|
| 911 |
# |
# |
|a Hoàng Thị Huyền
|
| 925 |
# |
# |
|a G
|
| 926 |
# |
# |
|a A
|
| 927 |
# |
# |
|a BB
|
| 980 |
# |
# |
|a Thư viện Trường Đại học Đà Lạt
|